01665 2200349 4500001002100000005001500021035002000036245004800056100002300104250001800127300002600145700002800171260004100199082001000240084001600250020002200266650002200288520071200310008004101022990002101063990002101084990002101105990002101126990002101147990002101168990002101189990002101210990002101231990002101252990002101273990002101294INLIS00000000001421320231018033338 a0010-10230000481 aNASI GORENG INDONESIA :bCita rasa mendunia0 aMurdijati Gardjito aEd. 1, Cet. 1 axvi, 152 hlm.; 23 cm.0 aDwi Larasatie Nur Fibri aYogyakarta :bNigtoon Cookery,c2020 a641.5 a641.5 MUR n a978-623-91466-5-8 aMasakan Indonesia aNasi goreng menjadi sebuah hidangan lintas kelas karena dari mulai meja makan di kampung-kampung kecil hingga Istana Kepresidenan, dari yang sekedar sebagai menu sarapan di rumah hingga terhidang mewah pada pesta formal, dari warung pinggir jalan, restoran hingga menu sarapan di hotel-hotel dengan aneka gradasi bintang, nasi goreng tetaplah menjadi pilihan menu yang layak disajikan. Pada tahun 2017, sebuah polling internet yang diadakan oleh CNN Internasional menempatkan Nasi Goreng pada peringkat dua dalam daftar 50 Makanan Terlezat di Dunia. Di seluruh Indonesia, nasi goreng berkembang cepat hingga diketahui ragamnya menjadi lebih dari 100 ragam dengan citarasa khas dari masing-masing daerah.231018 g 0 ind  a023.2188/PC/2023 a023.2189/PC/2023 a023.2190/PC/2023 a023.2188/PC/2023 a023.2189/PC/2023 a023.2190/PC/2023 a023.2189/PC/2023 a023.2188/PC/2023 a023.2190/PC/2023 a023.2190/PC/2023 a023.2188/PC/2023 a023.2189/PC/2023